Statistics for Percy Jackson and Heroes of Olympus

Click here to take the quiz!

General Stats

  • This quiz has been taken 194 times
    (190 since last reset)
  • The average score is 41 of 68

Answer Stats

Hint Answer % Correct
Blonde architect / girlfriend of ^^^Annabeth Chase
96%
Framed for stealing the lightening boltPercy Jackson
96%
Satyr friend of previous twoGrover Underwood
93%
Centaur mentor of CHBChiron
93%
Percy's fatherPoseidon
93%
Roman form ^^^Neptune
91%
Percy's half-brotherTyson
90%
Percy's motherSally Jackson
90%
Annabeth's momAthena
89%
Clarisse's fatherAres
87%
Percy's bullyClarisse la rue
83%
Roman form ^^^Mars
83%
CHB OracleRachel Elizabeth Dare
81%
Roman form ^^^Minerva
81%
Percy 2nd (nice) stepfatherPaul Blofis
81%
Sister of ^^^^ Goddess of the huntArtemis
78%
God of music, healing, and the sunApollo
78%
God of the skyZeus
77%
Percy's 1st (smelly) stepfatherGabe Ugliano
77%
New Liutenent, Daughter of ZeusThalia Grace
75%
Roman Form ^^^^Jupiter
74%
CHB activities directorDionysus
73%
Queen of the gods, Goddess of familyHera
73%
Son of Jupiter, stolen by HeraJason Grace
73%
Mother of PiperAphrodite
72%
Roman Form ^^^Venus
69%
Friend of previous two, can summon fireLeo Valdez
69%
Roman FormDiana
69%
Lieutenant of Artemis, Daughter of AtlasZoe Nightshade
69%
Boyfriend ^^^Charles Beckendorf
68%
Girlfriend ^^^Piper Mclean
68%
Roman Form^^^Juno
67%
Father of LeoHephaestus
66%
Hazel's half-brotherNico di angelo
64%
Boyfriend who got lost in the maze^^^Chris Rodriguez
64%
Boyfriend of^^^^Frank Zhang
63%
Girl that can summon Gemshazel levesque
62%
Roman Form ^^^Bacchus
62%
sister of previous ^^^^/ she diedBianca di angelo
60%
father of previous 2 ^^^^Hades
60%
Roman Form ^^^Vulcan
60%
Best Friend of ClarisseSilena Beauregard
59%
satyr who goes on the quest of the sevenCoach hedge
59%
Lots of Great Grandfather of leoSammy Valdez
58%
Roman Form ^^^^Pluto
56%
Trrouble-maker brother, who love to pull pranksConnor and Travis Stoll
55%
Preator of CJReyna Avila Ramirez Arellano
50%
Possessed by KronosLuke Castellan
49%
Percy's PegasusBlackjack
48%
Who Nico has a crush on (not Percy)Will Solace
47%
Oracle at CJOctavian
46%
Father of ^^^^Hermes
45%
Roman form ^^^Mercury
37%
The Goddess of hearthHestia
34%
Nice hellhound, Nico and Percy's petMrs. O' Leary
33%
His mother ^^^Nemesis
32%
Gorgon that turns people to stoneMedusa
31%
Spider that Annabeth facedArachne
30%
the boy who lost his eye for KronosEthan Nakamura
30%
Sorceress that turned Percy into a guniea pigCirce
29%
Goddess of the earth, who wants to destroy the sevenGaea
29%
What Percy renamed himBob
28%
Creator of the LabyrinthDaedalus
24%
God of LoveCupid
23%
Roman form ^^^Eros
23%
Wild centaurs that save the dayParty Ponies
19%
The Friendly TitanIapetus
17%
Sorceress that Piper facedMedea
13%

Score Distribution

Percentile by Number Answered

Percent of People with Each Score

Your Score History

You have not taken this quiz since the last reset